| 000 | 00701nam a2200229 i 4500 | ||
|---|---|---|---|
| 003 | DO-SdBNP | ||
| 005 | 20241122143640.0 | ||
| 007 | ta | ||
| 008 | 210827b2017 dr o|||| |||| 00| 0 spa d | ||
| 020 | _a978-607-315-512-0 | ||
| 040 |
_aDO-SdBNP _bspa _cBNPHU _erda |
||
| 082 |
_axxx _bR139r _222 |
||
| 100 | 1 |
_aRaful, Tony, _d1951- _91377 _eautor _4aut. |
|
| 245 | 1 | 0 |
_aLa rapsodia del crimen : _bTrujillo vs.Castillo Armas / _cTony Raful |
| 264 | 1 |
_aMéxico : _bGrijalbo, _c2017. |
|
| 300 |
_a223 páginas _bfotografías _c24 cm |
||
| 336 |
_atexto _btxt _2rdacontent |
||
| 337 |
_asin mediación _bn _2rdamedia |
||
| 338 |
_avolumen _bnc _2rdacarrier |
||
| 590 | _aInventariado, 2021 / DG | ||
| 942 |
_2ddc _cLBS1 |
||
| 999 |
_c50302 _d50302 |
||